Derecho procesal penal en preguntas y respuestas, m.r

Guardat en:
Dades bibliogràfiques
Autor principal: Cornejo Manríquez, Aníbal (Autor)
Format: Llibre
Idioma:espanyol
Publicat: Santiago Sociedad Editora Metropolitana 2006
Edició:3a. ed
Matèries:
Etiquetes: Afegir etiqueta
Sense etiquetes, Sigues el primer a etiquetar aquest registre!

MARC

LEADER 00000nam a2200000 a 4500
001 UCK8862
003 CL-VaPUC
008 060407e20060000CL |||||||||||||||||spa|d
020 |a 9562860612 
082 0 4 |a 345.05  |b COR  |2 21 
100 0 |a Cornejo Manríquez, Aníbal  |e author  |9 498577 
245 1 0 |a Derecho procesal penal en preguntas y respuestas, m.r 
250 |a 3a. ed 
300 |a 402 p 
942 |c BK 
945 |d 20060407 00:00:00  |a cmena 
260 |a Santiago  |b Sociedad Editora Metropolitana  |c 2006 
650 0 |a Derecho procesal penal   |9 256392 
650 0 |a Procedimiento penal  |9 254974 
650 0 |a Nulidad procesal   |9 336734 
650 0 |a Recursos procesales  |9 255595 
650 0 |a Jurisprudencia  |9 255952 
650 0 |a Acción penal  |9 254970 
650 0 |a Juicio oral  |9 455093 
650 0 |a Medidas cautelares  |9 256590 
651 7 |a CHILE  |2 CL-VaPUC  |9 498578 
583 |a last modification  |c 20150328 01:13:52  |k Rodrigo Vera 
999 |c 316265  |d 316263 
952 |0 0  |1 0  |4 0  |6 345_050000000000000_COR_2006  |7 0  |8 A  |9 390497  |a BIBDER  |b BIBDER  |d 2019-11-22  |i 4220889  |o 345.05 COR 2006  |p 4220889  |r 2019-11-22  |w 2019-11-22  |y BK  |k DER